Madan al-jawahar ba tareekh al-basar wa al-jazair (Record no. 407855)

MARC details
000 -LEADER
fixed length control field 00789nam a2200253Ia 4500
003 - CONTROL NUMBER IDENTIFIER
control field OSt
005 - DATE AND TIME OF LATEST TRANSACTION
control field 20220924121522.0
008 - FIXED-LENGTH DATA ELEMENTS--GENERAL INFORMATION
fixed length control field 220923b |||||||| |||| 00| 0 ara d
037 ## - SOURCE OF ACQUISITION
Terms of availability Textual
040 ## - CATALOGING SOURCE
Original cataloging agency ARTS
Transcribing agency ARTS
Language of cataloging ara
041 ## - LANGUAGE CODE
Source of code ara
Language code of text/sound track or separate title ara
100 ## - MAIN ENTRY--PERSONAL NAME
Personal name Iraq Shekh Noman bin Mohammad Au.
9 (RLIN) 186217
245 #0 - TITLE STATEMENT
Title Madan al-jawahar ba tareekh al-basar wa al-jazair
260 ## - PUBLICATION, DISTRIBUTION, ETC.
Place of publication, distribution, etc. Islamabad
Name of publisher, distributor, etc. Matba mahad al-bahoos Pakistan
Date of publication, distribution, etc. 1973
300 ## - PHYSICAL DESCRIPTION
Extent 165p.
Dimensions cm.
650 ## - SUBJECT ADDED ENTRY--TOPICAL TERM
Topical term or geographic name entry element IRAQ - HISTORY
700 ## - ADDED ENTRY--PERSONAL NAME
Personal name Hameedullah Mohammad Ed.
9 (RLIN) 186218
942 ## - ADDED ENTRY ELEMENTS (KOHA)
Classification part V467.B, 28L3
Koha item type Textual
Source of classification or shelving scheme Colon Classification (CC)
Holdings
Withdrawn status Lost status Damaged status Not for loan Home library Current library Date acquired Total Checkouts Full call number Barcode Date last seen Price effective from Koha item type
        Arts Library Arts Library 2022-09-24   V467.B 28L3 AL0537484 2022-09-24 2022-09-24 Textual
Copyright @ Delhi University Library System